| 000 | 00710nam a2200169 i 4500 | ||
|---|---|---|---|
| 001 | 123322 | ||
| 003 | ES-MaACL | ||
| 005 | 20230906192142.0 | ||
| 007 | t| | ||
| 008 | 070214q1905 it r ||||1| ita d | ||
| 245 | 0 | 0 |
_aRaccolta sistematica delle leggi regolamenti ed altre disposizioni sulla sanita pubblica in vigore a tutto il 31 dicembre 1905 / _cpubblicato per cura del Ministero dell'Interno, Direzione Generale della Sanita Pubblica. |
| 260 |
_aRoma : _bCooperativa tipografica Manuzio, _c[1905?] |
||
| 300 |
_a2 v. ; _c27 x 19 cm. |
||
| 650 | 4 |
_aSalud pública- _vLegislación- _zItalia. _9161099 |
|
| 710 | 1 |
_aItalia. _bDirezione generale della Sanita pubblica. _95317 |
|
| 852 |
_aES-MaACL _jG-6052-53 |
||
| 999 |
_c123322 _d123322 |
||